000 00579nam a22001697a 4500
003 OSt
005 20260225095906.0
008 260225b |||||||| |||| 00| 0 eng d
040 _cMRSPTU
041 _aEnglish
100 _aJaspreet Singh, Supervisor: Amanpreet Singh Virk
245 _aUse of Waste Ceramic Tile Aggregates as an Alternate Material of Coarse Aggregates in Cement Concrete
260 _bDepartment of Civil Engg. MRSPTU, Bathinda
_c2017
650 _aCivil Engineering
856 _uhttp://163.47.215.52:8080/jspui/handle/123456789/1121
942 _2ddc
_cTH
_n0
999 _c11003
_d11003